000 00379nam a22001457a 4500
999 _c12689
_d12689
008 210217b ||||| |||| 00| 0 eng d
082 0 0 _a843
_bA982
100 _94817
_aAyme, Marcel
245 1 0 _a(The) Proverb and other stories
_cby Marcel Ayme
250 _a1st ed.
260 _aLondon:
_bThe Bodley head
_c1961
300 _a287p.
650 0 _aEnglish Fiction
942 _cBK